01197nam a2200253 a 4500001001000000003000900010005001700019008004100036040002500077082002100102110012600123245018400249260004400433300004400477504003300521650006600554650007100620650002600691650003400717650003500751650005400786700004100840710006200881000020773DO-SdBNP20260305073956.0100817s2006 dr abc 001 0 spa d aDO-SdBNPbspacBNPHU a338.97293bR426e1 aRepública Dominicana.bComisión Presidencial para los Objetivos de Desarrollo del Milenio y el Desarrollo Sostenible.10aEvaluación de necesidades y análisis de costos para cumplir con los objetivos de desarrollo del milenio :bEl Seibo - pueblo del milenio /cprólogo Leonel Fernández Reyna. aSanto Domingo :bCOPDES :bPNUD,c2006. a256 p. :bil., mapas., retrs. ;c28 cm. aBibliografía : p. 178-182. 4aDesarrollo de la comunidadzEl Seibo (República Dominicana) 4aDesarrollo económico y socialzEl Seibo (República Dominicana) 4aDesarrollo sostenible 4aPlanificación estratégica 4aEstrategias para el desarrollo 4aPolíticas de desarrollozRepública Dominicana1 aFernández, Leonel,d1953-epról.1 aPrograma de las Naciones Unidas para el Desarrollo (PNUD)